000 00418nam a22001697a 4500
003 NUST - PNEC
005 20170116180921.0
008 150904b xxu||||| |||| 00| 0 eng d
020 _a-
040 _cLIBRARY
082 _a621.3 ADM
100 _97769
_aAdmiralty
245 _aExamples in electrical calculations
_cAdmiralty
260 _cc.1960
650 _97771
_aElectrical engineering
_xEE
942 _2ddc
_cBK
999 _c65615
_d65615